MESTSKÁ KNIŽNICA GIRALTOVCE  - online katalóg 

Vychovávame deti a rastieme s nimi (Record no. 22849)

000 -NÁVESTIE
fixed length control field 01848cam a2200517 a 4500
001 - EVIDENČNÉ ČÍSLO ZÁZNAMU - Kontrolné číslo
control field vtls010593064
005 - DÁTUM A ČAS POSLEDNEJ TRANSAKCIE
control field 20200129130040.0
008 - ÚDAJE S PEVNOU DĹŽKOU – VŠEOBECNÉ INFORMÁCIE
fixed length control field 160429s2014 xr f f 000 0 slo
020 ## - MEDZINÁRODNÉ ŠTANDARDNÉ ČÍSLO KNIHY (ISBN)
Medzinárodné štandardné číslo knihy (ISBN) 9788072525072 (brož.)
035 ## - Iný štandardný identifikátor
Iný štandardný identifikátor 6C822D71-8A9B-4FA5-8D8B-7287FBF4907E
035 ## - Iný štandardný identifikátor
Iný štandardný identifikátor urn:nbn:sk:snk-amkcew
035 ## - Iný štandardný identifikátor
Iný štandardný identifikátor urn:nbn:sk:snk-am0089nx
040 ## - ZDROJ KATALOGIZÁCIE
Pôvodná katalogizujúca agentúra PPPK
Jazyk katalogizácie slo
Prepisujúca agentúra PPPK
Modifikujúca agentúra SNK
Konvencie popisu AACR2
041 1# - KÓD JAZYKA
Kód jazyka textu/zvukovej stopy alebo samostatných nápisov slo
Kód jazyka originálu a/alebo sprostredkujúcich prekladov textu eng
044 ## - KÓD KRAJINY VYDAVATEĽA/PRODUCENTA
Kód krajiny MARC xr
Kód krajiny ISO CZ
072 #7 - KÓD PREDMETOVEJ KATEGÓRIE
Kód predmetovej kategórie 37
Pododdiel kódu predmetovej kategórie Výchova a vzdelávanie
Zdroj konspekt
072 #7 - KÓD PREDMETOVEJ KATEGÓRIE
Kód predmetovej kategórie 159.9
Pododdiel kódu predmetovej kategórie Psychológia
Zdroj konspekt
080 ## - ČÍSLO MEDZINÁRODNÉHO DESATINNÉHO TRIEDENIA (MDT)
Číslo Medzinárodného desatinného triedenia (MDT) 37.03-053.2
Identifikátor vydania 2001
080 ## - ČÍSLO MEDZINÁRODNÉHO DESATINNÉHO TRIEDENIA (MDT)
Číslo Medzinárodného desatinného triedenia (MDT) 173.5/.7
Identifikátor vydania 2001
080 ## - ČÍSLO MEDZINÁRODNÉHO DESATINNÉHO TRIEDENIA (MDT)
Číslo Medzinárodného desatinného triedenia (MDT) 159.923.5
Identifikátor vydania 2001
080 ## - ČÍSLO MEDZINÁRODNÉHO DESATINNÉHO TRIEDENIA (MDT)
Číslo Medzinárodného desatinného triedenia (MDT) 159.923.2
Identifikátor vydania 2001
080 ## - ČÍSLO MEDZINÁRODNÉHO DESATINNÉHO TRIEDENIA (MDT)
Číslo Medzinárodného desatinného triedenia (MDT) (035)
Identifikátor vydania 2001
100 1# - OSOBNÉ MENÁ – VŠEOBECNÉ INFORMÁCIE
Osobné meno Aldort, Naomi
-- 1640
240 10 - UNIFIKOVANÝ NÁZOV
Unifikovaný názov Raising our children
Jazyk diela Slovensky
245 10 - NÁZOV
Názov Vychovávame deti a rastieme s nimi
Zvyšok názvu [od nedorozumení a pokarhaní k slobode, rozvoju a radosti : pre rodičov malých i veľkých detí]
Údaj o zodpovednosti atď. Naomi Aldortová ; [do slovenčiny preložil Martin Konečný]
246 30 - INÁ FORMA NÁZVU
Hlavný názov/skrátený názov Od nedorozumení a pokarhaní k slobode, rozvoju a radosti
246 30 - INÁ FORMA NÁZVU
Hlavný názov/skrátený názov Pre rodičov malých i veľkých
250 ## - ÚDAJ O PORADÍ VYDANIA
Údaj o poradí vydania 1. vyd.
260 ## - VYDAVATEĽSKÉ ÚDAJE, DISTRIBÚCIA ATĎ.
Miesto publikovania, distribúcie atď. Praha
Názov vydavateľa, distibútora atď. Práh
Dátum publikovania, distribúcie atď. 2014
300 ## - FYZICKÝ POPIS
Rozsah 233 s.
Rozmery 21 cm
650 07 - PRIDANÝ VSTUP – PREDMET – TEMATICKÉ HESLO
Tematické heslo alebo geografický názov ako vstupný prvok výchova dieťaťa
Zdroj hesla alebo termínu SNKPH
-- 1598
650 07 - PRIDANÝ VSTUP – PREDMET – TEMATICKÉ HESLO
Tematické heslo alebo geografický názov ako vstupný prvok rodičia a deti
Zdroj hesla alebo termínu SNKPH
-- 1600
650 07 - PRIDANÝ VSTUP – PREDMET – TEMATICKÉ HESLO
Tematické heslo alebo geografický názov ako vstupný prvok rozvoj osobnosti
Zdroj hesla alebo termínu SNKPH
-- 1641
650 07 - PRIDANÝ VSTUP – PREDMET – TEMATICKÉ HESLO
Tematické heslo alebo geografický názov ako vstupný prvok sebadôvera
Zdroj hesla alebo termínu SNKPH
-- 1642
650 07 - PRIDANÝ VSTUP – PREDMET – TEMATICKÉ HESLO
Tematické heslo alebo geografický názov ako vstupný prvok sebavedomie
Zdroj hesla alebo termínu SNKPH
-- 1643
650 07 - PRIDANÝ VSTUP – PREDMET – TEMATICKÉ HESLO
Tematické heslo alebo geografický názov ako vstupný prvok Child rearing
Zdroj hesla alebo termínu SNKPHeng
-- 1606
650 07 - PRIDANÝ VSTUP – PREDMET – TEMATICKÉ HESLO
Tematické heslo alebo geografický názov ako vstupný prvok Parents and children
Zdroj hesla alebo termínu SNKPHeng
-- 1604
650 07 - PRIDANÝ VSTUP – PREDMET – TEMATICKÉ HESLO
Tematické heslo alebo geografický názov ako vstupný prvok Personality development
Zdroj hesla alebo termínu SNKPHeng
-- 1644
650 07 - PRIDANÝ VSTUP – PREDMET – TEMATICKÉ HESLO
Tematické heslo alebo geografický názov ako vstupný prvok Self-reliance
Zdroj hesla alebo termínu SNKPHeng
-- 1645
650 07 - PRIDANÝ VSTUP – PREDMET – TEMATICKÉ HESLO
Tematické heslo alebo geografický názov ako vstupný prvok Self-confidence
Zdroj hesla alebo termínu SNKPHeng
-- 1646
655 #7 - INDEXAČNÝ TERMÍN – ŽÁNER/FORMA
Údaje o žánri/forme alebo termín, ktorý je prvok fazety príručky
Zdroj termínu SNKPH
-- 1541
655 #7 - INDEXAČNÝ TERMÍN – ŽÁNER/FORMA
Údaje o žánri/forme alebo termín, ktorý je prvok fazety Handbooks, manuals, etc.
Zdroj termínu SNKPheng
-- 1630
700 1# - PRIDANÝ VSTUP – OSOBNÉ MENO
Osobné meno Konečný, Martin
Kód roly trl
-- 1647
958 ## - Formálny deskriptor
Formálny deskriptor ZS
958 ## - Formálny deskriptor
Formálny deskriptor OP
Holdings
Stav stiahnutia (Blokovanie) (Withrawn status) Stav straty Zdroj klasifikácie pre skladovanie Stav poškodenia (Damaged status) Nie pre výpožičky (Not for loan) Spôsob nadobudnutia (Collection code) Trvalé umiestnenie Aktuálne umiestnenie Dátum nadobudnutia Inventárne číslo (prírastkové číslo) Celkom výpožičky Celkom prolongácie (predĺženia) Full call number Čiarový kód Dátum posledného výskytu Dátum poslednej výpôžičky Cena s účinnosťou od Typ jednotky Koha
          Kúpa Mestská knižnica Giraltovce Mestská knižnica Giraltovce 2020-01-29 21200 1 1 I1850 I1850 2026-04-21 2025-11-18 2020-01-29 Odborná literatúra pre dospelých

Powered by Koha